| 000 | 02515cam a22006614i 4500 | ||
|---|---|---|---|
| 003 | PE-LiUPU | ||
| 005 | 20250731170450.0 | ||
| 008 | 150706s2006 sp a rb 000 0 spa d | ||
| 020 | _a8436820525 | ||
| 020 | _a9788436820522 | ||
| 035 | _a(Sirsi) i9788436820522 | ||
| 040 |
_aPE-LiUPU _bspa _cPE-LiUPU _dPE-LiUPU _erda |
||
| 049 | _aPRUA | ||
| 082 | 0 | 4 |
_a158.1 _bJ79 _221 |
| 100 | 1 |
_aLópez Sánchez, Félix, _eautor. |
|
| 245 | 1 | 0 |
_aPrograma Bienestar : _bel bienestar personal y social y la prevención del malestar y la violencia / _cFélix López Sánchez. |
| 264 | 1 |
_aMadrid : _bPirámide, _c [2006]. |
|
| 300 |
_a342 páginas : _bilustraciones ; _c23 centímetros. |
||
| 300 | _aCD-ROM | ||
| 336 |
_atext _2rdacontent |
||
| 337 |
_aunmediated _2rdamedia |
||
| 338 |
_avolume _2rdacarrier |
||
| 490 | 0 | _aOjos Solares | |
| 504 | _aIncluye referencias bibliográficas. | ||
| 505 | 0 | _aGuías del educador: Orientaciones para la intervención -- Orientaciones para la evaluación -- Unidades didácticas -- Ponemos nuestras normas -- Concepto de ser humano -- Valores y desarrollo moral -- Autoestima -- La empatía o el corazón social inteligente -- Las habilidades para comunicarnos con los demás: Obras son amores -- El autocontrol: -- ¿Quieres ser tu dueño y relacionarte bien con los demás?. | |
| 526 | _aSEG68 | ||
| 526 | _aSEG70 | ||
| 526 | _aSEG69 | ||
| 526 | _aSEG67 | ||
| 526 | _aSEG43 | ||
| 526 | _aP144 | ||
| 526 | _aP143 | ||
| 526 | _aP131 | ||
| 526 | _aP122 | ||
| 526 | _aP120 | ||
| 526 | _aP117 | ||
| 526 | _aP112 | ||
| 526 | _aP110 | ||
| 526 | _aP106 | ||
| 526 | _aP101 | ||
| 526 | _aP80 | ||
| 526 | _aP59 | ||
| 526 | _aP54 | ||
| 526 | _aP35 | ||
| 526 | _aP33 | ||
| 526 | _aP30 | ||
| 541 | _g001-0031617; | ||
| 650 | 0 | 4 |
_aAdolescentes _xHabilidades sociales. |
| 650 | 0 | 4 | _aAutocontrol en adolescentes. |
| 650 | 0 | 4 | _aAutoestima en adolescentes. |
| 650 | 0 | 4 | _aDesarrollo moral. |
| 910 |
_bjv _cng _d20100610 |
||
| 942 |
_2ddc _cBOOK |
||
| 949 |
_a158.1 J79 _wDEWEY _c1 _i61850 _d2016-8-24 _e2016-8-24 _lCCODEBUL1 _mBUL _n2 _p29.00 _r0 _sY _tBOOK _u2015-7-6 _xSALUD _PP33 _0COMPRA _o.STAFF. Colección Ciencias de la Salud |
||
| 994 |
_aC0 _bPEPRU |
||
| 596 | _a1 | ||
| 999 |
_a158.1 J79 _wDEWEY _c50994 _i61850 _d50994 _e2019-4-23 _f2021-11-3 _g5 _lCCODEBUL1 _mBUL _n4 _p29.00 _r0 _sY _tBOOK _u2015-7-6 _xSALUD _zP33 _0COMPRA _o.STAFF. Colección Ciencias de la Salud |
||
| 980 |
_81 _gALBERTO SANCHEZ Responsable de Automatización |
||